000 00379nam a2200145Ia 4500
008 210210b1978 xxu||||| |||| 00| 0 eng d
020 _a0 14 00 3902 3
082 _a823.91 MANM
100 _aMANN (Thomas).
245 _aMario and the magician and other stories.
260 _aEngland.
_bPenguin Books
_c1978
300 _a365
690 _aEnglish Fiction
906 _aSG01220
999 _c112445
_d112445